• 首页
  • 本馆介绍
  • 公告通知
  • 最新文献
  • 馆藏检索
  • 电子资源
  • 读者导购
  • 参考咨询
  • 我的图书馆
  • 登录
  • 详细信息显示
  • 放入我的书架
  • 预约/预借图书
  • 作者相关作品
  • 分类相关作品
  • 丛书相关作品
  • 出版社相关作品

书目信息

  • 表格格式
  • 工作单格式
  • 卡片格式
题名:
人口理论
    
 
作者: ;北京经济学院人口研究室 编
分册:  
出版信息: 北京   商务印书馆  1977
页数: 211页
开本: 19cm
丛书名:
单 册:
中图分类: C92
科图分类:
主题词: 人口学
电子资源:
ISBN:
000 00651nam0 2200229 45
001 0177003672
005 20060819174823.43
010    @dCNY0.50
091    @a4017.176
100    @a19950928d1977 em y0chiy0121 ea
101 0  @achi
102    @aCN@b110000
105    @ay z 000yy
200 10 @a人口理论@Aren kou li lun@f北京经济学院人口研究室编@FBei Jing Jing Ji Xue Yuan Ren Kou Yan Jiu Shi Bian
210    @a北京@c商务印书馆@d1977
215    @a211页@d19cm
606    @a人口学
690    @aC92@v3 
711 02 @a北京经济学院人口研究室@4编
801  0 @aCN@b广东省中山图书馆@c20060819
801  2 @aCN@bNLC@c20060721
905    @f1@b178482@dC92@e28
    
    人口理论/北京经济学院人口研究室编.-北京:商务印书馆,1977
    211页;19cm
    
    
    ISBN :CNY0.50
    
●
相关链接 在E读中查询图书 在五车中查询图书 在当当中查询图书 在豆瓣中查询图书


正题名:人口理论     索取号:C92/28         预约/预借

序号 登录号 条形码 馆藏地/架位号 状态 备注
1 0178482   001030351   第一样本阅览室/ [索取号:C92/28] 在馆    
2 0425378   204253789   密集书库/ [索取号:C92/28] 在馆    
3 0425379   204253798   密集书库/ [索取号:C92/28] 在馆    
4 0471213   204712132   密集书库/ [索取号:C92/28] 在馆    
唐山师范学院图书馆 欢迎您!
大连网信软件有限公司© 版权所有